| 000 | 00783nam a2200289Ia 4500 | ||
|---|---|---|---|
| 008 | 160803s9999 xx 000 0 und d | ||
| 020 | _a9780545429979 | ||
| 100 | _aMo, Willems | ||
| 245 | _aNaked mole rat gets dressed / | ||
| 245 | _cMo Willems. | ||
| 260 | _aNew York : | ||
| 260 | _bScholastic Inc. | ||
| 260 | _c2009 | ||
| 300 | _a1 volume (unpaged) : | ||
| 300 | _bcolor illustrations ; | ||
| 300 | _c18 x 27 cm | ||
| 500 | _a"First Scholastic printing, November 2011." | ||
| 650 | _aClothing and dress -- | ||
| 650 | _aClothing and dress. | ||
| 650 | _aIndividuality -- | ||
| 650 | _aIndividuality. | ||
| 650 | _aNaked mole rat -- | ||
| 650 | _xJuvenile fiction. | ||
| 650 | _xJuvenile fiction. | ||
| 650 | _xJuvenile fiction. | ||
| 700 | _a470 | ||
| 999 |
_c299778 _d299778 |
||